[Event "Innsbruck op-B 2nd"]
[Site "Innsbruck"]
[Date "2018.08.26"]
[Round "3"]
[White "Pernerstorfer, Max"]
[Black "Hofer, Franz"]
[Result "1-0"]
[WhiteElo "1955"]
[BlackElo "1840"]
[PlyCount "61"]
[EventDate "2018.08.24"]
[EventType "swiss"]
[EventRounds "9"]
[EventCountry "AUT"]
[SourceTitle "CBM 186 Extra"]
[Source "ChessBase"]
[SourceDate "2018.08.24"]
[SourceVersion "1"]
[SourceVersionDate "2018.08.24"]
[SourceQuality "1"]

1. e4 e6 2. d4 d5 3. Nd2 c5 4. exd5 Qxd5 5. Ngf3 Nf6 6. Bc4 Qd7 7. 0-0 cxd4 8. Nb3 Qc7 9. Qe2 Nc6 10. Nbxd4 Nxd4 11. Nxd4 a6 12. c3 Bc5 13. Be3 0-0 14. Bb3 Bd7 15. Rad1 Bd6 16. h3 e5 17. Nf3 Bc6 18. Rfe1 Rad8 19. Bg5 Rfe8 20. Nh4 Qc8 21. Bxf6 gxf6 22. Qh5 Rd7 23. Bxf7+ Rxf7 24. Rxd6 Rg7 25. g4 Rg5 26. Qh6 Rxg4+ 27. hxg4 Qxg4+ 28. Kh2 Re6 29. Rd8+ Be8 30. Rxe8+ Kf7 31. Qf8# 1-0

[Event "Innsbruck op-B 1st"]
[Site "Innsbruck"]
[Date "2017.08.30"]
[Round "6"]
[White "Wieser, Andreas"]
[Black "Hofer, Franz"]
[Result "1-0"]
[WhiteElo "1946"]
[BlackElo "1948"]
[PlyCount "109"]
[EventDate "2017.08.25"]
[EventType "swiss"]
[EventRounds "9"]
[EventCountry "AUT"]
[SourceTitle "CBM 180 Extra"]
[Source "ChessBase"]
[SourceDate "2017.10.06"]
[SourceVersion "1"]
[SourceVersionDate "2017.10.06"]
[SourceQuality "1"]

1. e4 e6 2. d4 d5 3. exd5 exd5 4. Nf3 Bg4 5. h3 Bh5 6. Bd3 Nc6 7. c3 Bd6 8. 0-0 Nge7 9. Bg5 f6 10. Bh4 Qd7 11. Nbd2 0-0-0 12. b4 Ng6 13. Qc2 Nce7 14. Bg3 Nf4 15. Bxf4 Bxf4 16. b5 Bg6 17. a4 Bxd3 18. Qxd3 g5 19. Nb3 Bd6 20. Nc5 Bxc5 21. dxc5 Qf5 22. Qxf5+ Nxf5 23. Nd4 Ng7 24. a5 Rde8 25. a6 Ne6 26. axb7+ Kxb7 27. c6+ Kb6 28. Ra6+ Kc5 29. Rxa7 Nxd4 30. cxd4+ Kd6 31. Rc1 Ra8 32. Rb7 Ra4 33. b6 Rc8 34. Rxc7 Rxc7 35. bxc7 Kxc7 36. Re1 Rxd4 37. Re7+ Kd6 38. Rxh7 Kxc6 39. Rf7 Rf4 40. g3 Rf5 41. f4 Kc5 42. fxg5 Rxg5 43. g4 Rg6 44. Kf2 Kd4 45. Kf3 Ke5 46. h4 Ke6 47. Ra7 Rg8 48. Kf4 Rd8 49. Ra6+ Kf7 50. Kf5 d4 51. Ra7+ Kg8 52. Ra2 d3 53. Rd2 Kf7 54. Ke4 Ra8 55. Rxd3 1-0

[Event "Innsbruck op-B 1st"]
[Site "Innsbruck"]
[Date "2017.08.28"]
[Round "4"]
[White "Handl, Hans"]
[Black "Hofer, Franz"]
[Result "1/2-1/2"]
[WhiteElo "1812"]
[BlackElo "1948"]
[PlyCount "186"]
[EventDate "2017.08.25"]
[EventType "swiss"]
[EventRounds "9"]
[EventCountry "AUT"]
[SourceTitle "CBM 180 Extra"]
[Source "ChessBase"]
[SourceDate "2017.10.06"]
[SourceVersion "1"]
[SourceVersionDate "2017.10.06"]
[SourceQuality "1"]

1. e4 e6 2. d4 d5 3. Nd2 c5 4. exd5 Qxd5 5. Ndf3 Nc6 6. Be3 cxd4 7. Nxd4 Bd7 8. Ngf3 Nf6 9. Nb5 Qxd1+ 10. Rxd1 Nd5 11. Rxd5 exd5 12. Nc7+ Kd8 13. Nxa8 Bd6 14. Ng5 Ke7 15. Nb6 axb6 16. Bxb6 Kf6 17. Nf3 Re8+ 18. Kd2 Re4 19. c3 Bf4+ 20. Be3 d4 21. Nxd4 Nxd4 22. cxd4 Rxd4+ 23. Kc1 Bg4 24. Bxf4 Rxf4 25. f3 Be6 26. b3 Rf5 27. Bd3 Rg5 28. g3 Ra5 29. Kb2 Rd5 30. Be4 Rd2+ 31. Ka3 b5 32. Bb1 Ke5 33. Kb4 Bd7 34. Re1+ Kd6 35. h4 Bc6 36. Re3 Rd4+ 37. Kc3 Rd1 38. Be4 Bxe4 39. Rxe4 Rg1 40. g4 Rg3 41. Re3 f6 42. Kb4 Kc6 43. Kc3 Kc5 44. b4+ Kd5 45. a3 g6 46. Kd3 f5 47. gxf5 gxf5 48. Ke2 Rg2+ 49. Kf1 Ra2 50. Rc3 Kd4 51. Rc5 f4 52. Rxb5 Ke3 53. Rb7 Kxf3 54. Ke1 Ra1+ 55. Kd2 Kf2 56. Rxh7 f3 57. h5 Rxa3 58. Rg7 Ra2+ 59. Kc3 Ke1 60. Re7+ Re2 61. Ra7 Re6 62. Kc4 Rc6+ 63. Kd5 Rh6 64. Re7+ Kd2 65. Rf7 Rxh5+ 66. Kc6 Ke3 67. b5 f2 68. b6 Rh6+ 69. Kc5 Rh5+ 70. Kc6 Rh6+ 71. Kc7 Rh7 72. Rxh7 f1Q 73. Re7+ Kd4 74. b7 Qf4+ 75. Kd7 Qf5+ 76. Kc7 Qc5+ 77. Kd7 Qb6 78. Kc8 Qc6+ 79. Kd8 Qd6+ 80. Kc8 Qc5+ 81. Kd8 Qa5+ 82. Kc8 Qf5+ 83. Rd7+ Kc5 84. b8Q Qf8+ 85. Rd8 Qf5+ 86. Rd7 Qf8+ 87. Kb7 Qf3+ 88. Kc7 Qf4+ 89. Kd8 Qf8+ 90. Kc7 Qf4+ 91. Kc8 Qf8+ 92. Kc7 Qf4+ 93. Kc8 Qf8+ 1/2-1/2

[Event "Innsbruck op-B 1st"]
[Site "Innsbruck"]
[Date "2017.08.25"]
[Round "1"]
[White "Hofer, Franz"]
[Black "Heinrich, Leon"]
[Result "1-0"]
[WhiteElo "1948"]
[BlackElo "1620"]
[PlyCount "63"]
[EventDate "2017.08.25"]
[EventType "swiss"]
[EventRounds "9"]
[EventCountry "AUT"]
[SourceTitle "CBM 180 Extra"]
[Source "ChessBase"]
[SourceDate "2017.10.06"]
[SourceVersion "1"]
[SourceVersionDate "2017.10.06"]
[SourceQuality "1"]

1. c4 c5 2. g3 Nf6 3. Bg2 e6 4. e4 Nc6 5. Nc3 Be7 6. f4 d6 7. Nge2 e5 8. 0-0 exf4 9. Nxf4 Bg4 10. Bf3 Bxf3 11. Rxf3 Ne5 12. Rf1 0-0 13. d3 Nfd7 14. Ncd5 Bf6 15. Bd2 Nc6 16. Nxf6+ Nxf6 17. Bc3 Ne5 18. Ng2 Nfd7 19. Ne3 Rc8 20. Nf5 Nf6 21. Qd2 b6 22. Qg5 Ng6 23. Nxg7 Nd7 24. Qxd8 Rcxd8 25. Nf5 Nde5 26. Rf2 Rfe8 27. Rd1 a5 28. h4 Ne7 29. Nh6+ Kg7 30. Nxf7 Rd7 31. Nxd6 Kg8 32. Nxe8 1-0

[Event "AUT-ch"]
[Site "Jenbach"]
[Date "2009.07.29"]
[Round "5"]
[White "Hofer, Franz"]
[Black "Bauer, Manfred2222"]
[Result "0-1"]
[WhiteElo "2092"]
[BlackElo "1983"]
[PlyCount "54"]
[EventDate "2009.07.25"]
[EventType "swiss"]
[EventRounds "9"]
[EventCountry "AUT"]
[SourceTitle "CBM 131 Extra"]
[Source "ChessBase"]
[SourceDate "2009.09.03"]
[SourceVersion "2"]
[SourceVersionDate "2009.09.16"]
[SourceQuality "1"]

1. c4 f5 2. g3 Nf6 3. Bg2 e6 4. b3 c6 5. Bb2 d5 6. Nf3 Bd6 7. 0-0 0-0 8. Qc2 Nbd7 9. d3 Ng4 10. Nbd2 Nde5 11. c5 Bc7 12. d4 Nxf3+ 13. exf3 Nf6 14. f4 Ne4 15. Nf3 g5 16. fxg5 Nxg5 17. Nxg5 Qxg5 18. f4 Qg6 19. Bf3 Bxf4 20. Bh5 Be3+ 21. Kg2 Qxh5 22. Rae1 f4 23. Rf3 Bd7 24. Ref1 e5 25. dxe5 Bh3+ 26. Kh1 Bxf1 27. Rxf1 fxg3 0-1

[Event "Seefeld op 18th"]
[Site "Seefeld"]
[Date "2007.09.03"]
[Round "3"]
[White "Hofer, Franz"]
[Black "Jandke, Manfred"]
[Result "1/2-1/2"]
[WhiteElo "2051"]
[BlackElo "2201"]
[PlyCount "97"]
[EventDate "2007.09.01"]
[EventType "swiss"]
[EventRounds "9"]
[EventCountry "AUT"]
[SourceTitle "EXT 2009"]
[Source "ChessBase"]
[SourceDate "2008.11.26"]
[SourceVersion "1"]
[SourceVersionDate "2008.11.26"]
[SourceQuality "1"]

1. c4 Nf6 2. g3 c6 3. Nf3 d5 4. b3 Bf5 5. Bb2 e6 6. Bg2 h6 7. 0-0 Nbd7 8. d3 Qc7 9. Nbd2 Bd6 10. Re1 Bh7 11. cxd5 cxd5 12. Rc1 Qa5 13. a3 0-0 14. b4 Qd8 15. Qb3 a5 16. e4 Be7 17. e5 Ne8 18. Bd4 axb4 19. axb4 Nc7 20. Bc5 Nb5 21. d4 Ra3 22. Qb2 b6 23. Bxe7 Qxe7 24. Bf1 Bd3 25. Bxd3 Rxd3 26. Re3 Rxe3 27. fxe3 f6 28. exf6 Rxf6 29. Rf1 Nd6 30. Nh4 b5 31. Rxf6 Nxf6 32. Ng6 Qc7 33. Ne5 Nc4 34. Ndxc4 dxc4 35. Qc2 Qd6 36. Qg6 Qc7 37. Ng4 Nxg4 38. Qxe6+ Kh8 39. Qxg4 c3 40. Qd1 c2 41. Qc1 Qc3 42. Kf2 Kg8 43. Ke2 Kf7 44. e4 g5 45. h4 Qxg3 46. hxg5 Qg2+ 47. Kd3 h5 48. Qf4+ Kg8 49. g6 1/2-1/2

[Event "Seefeld op 18th"]
[Site "Seefeld"]
[Date "2007.09.01"]
[Round "1"]
[White "Hofer, Franz"]
[Black "Matt, Stefan"]
[Result "1/2-1/2"]
[WhiteElo "2051"]
[BlackElo "1875"]
[PlyCount "47"]
[EventDate "2007.09.01"]
[EventType "swiss"]
[EventRounds "9"]
[EventCountry "AUT"]
[SourceTitle "EXT 2009"]
[Source "ChessBase"]
[SourceDate "2008.11.26"]
[SourceVersion "1"]
[SourceVersionDate "2008.11.26"]
[SourceQuality "1"]

1. c4 f5 2. g3 Nf6 3. Bg2 g6 4. Nc3 Bg7 5. d3 0-0 6. e4 fxe4 7. dxe4 d6 8. Nge2 Nc6 9. 0-0 e5 10. Nd5 Ne7 11. Nec3 c6 12. Nxf6+ Bxf6 13. Bh6 Bg7 14. Bxg7 Kxg7 15. Qd3 Be6 16. Rad1 Nc8 17. c5 Qf6 18. cxd6 Rd8 19. d7 Nb6 20. b3 Rxd7 21. Qf3 Qxf3 22. Bxf3 Rad8 23. Rxd7+ Rxd7 24. Rd1 1/2-1/2

[Event "Tirol-ch"]
[Site "Kramsach"]
[Date "2007.06.28"]
[Round "5.8"]
[White "Stiegernigg, Markus"]
[Black "Hofer, Franz"]
[Result "0-1"]
[WhiteElo "1489"]
[BlackElo "2056"]
[PlyCount "58"]
[EventDate "2007.06.24"]
[EventType "swiss"]
[EventRounds "7"]
[EventCountry "AUT"]
[SourceTitle "EXT 2024"]
[Source "ChessBase"]
[SourceDate "2023.10.10"]
[SourceVersion "1"]
[SourceVersionDate "2023.10.10"]
[SourceQuality "1"]

1. d4 e6 2. c4 f5 3. g3 Nf6 4. Bg2 Be7 5. e3 0-0 6. Ne2 c6 7. Nbc3 d6 8. Bd2 e5 9. 0-0 Qe8 10. Nc1 Qf7 11. b3 Na6 12. a3 Nc7 13. Nd3 e4 14. Ne1 g5 15. f3 exf3 16. Nxf3 Qg6 17. Qe2 Ne4 18. Be1 Be6 19. Nxe4 fxe4 20. Nd2 d5 21. a4 Bf5 22. Rc1 Bd6 23. cxd5 cxd5 24. Nb1 Qe6 25. Qh5 h6 26. h4 Bg4 27. Bh3 Bxh5 28. Bxe6+ Nxe6 29. Bc3 Rxf1+ 0-1

[Event "Tirol-ch"]
[Site "Kramsach"]
[Date "2007.06.26"]
[Round "3.5"]
[White "Erhard, Jakob"]
[Black "Hofer, Franz"]
[Result "1-0"]
[WhiteElo "2083"]
[BlackElo "2056"]
[PlyCount "87"]
[EventDate "2007.06.24"]
[EventType "swiss"]
[EventRounds "7"]
[EventCountry "AUT"]
[SourceTitle "EXT 2024"]
[Source "ChessBase"]
[SourceDate "2023.10.10"]
[SourceVersion "1"]
[SourceVersionDate "2023.10.10"]
[SourceQuality "1"]

1. e4 e6 2. d4 d5 3. Nc3 Nf6 4. Bg5 Bb4 5. e5 h6 6. Bd2 Bxc3 7. bxc3 Ne4 8. Qg4 Kf8 9. Bd3 Nxd2 10. Kxd2 c5 11. Nf3 c4 12. Be2 Bd7 13. h4 Nc6 14. h5 b5 15. Rh3 Ne7 16. Qf4 Rb8 17. Nh4 Nf5 18. Nxf5 exf5 19. a3 Qg5 20. Ke3 Qxg2 21. Bf3 Qxh3 22. Rh1 Qxh1 23. Bxh1 Be6 24. Qh4 Ke8 25. Bg2 Kd7 26. Bh3 g5 27. hxg6 fxg6 28. Bg2 g5 29. Qh1 Kc6 30. a4 b4 31. cxb4 Rxb4 32. Qh5 Rbb8 33. Qg6 Rbe8 34. Kd2 g4 35. Qg7 Kb6 36. a5+ Ka6 37. Qc7 h5 38. Kc3 h4 39. Kb4 Rb8+ 40. Ka4 h3 41. Qc6+ Rb6 42. axb6 axb6 43. Bh1 Rh6 44. Qa8# 1-0

[Event "Tirol-ch"]
[Site "Kramsach"]
[Date "2007.06.24"]
[Round "1.9"]
[White "Rossmair, Hermann"]
[Black "Hofer, Franz"]
[Result "0-1"]
[WhiteElo "1598"]
[BlackElo "2056"]
[PlyCount "48"]
[EventDate "2007.06.24"]
[EventType "swiss"]
[EventRounds "7"]
[EventCountry "AUT"]
[SourceTitle "EXT 2024"]
[Source "ChessBase"]
[SourceDate "2023.10.10"]
[SourceVersion "1"]
[SourceVersionDate "2023.10.10"]
[SourceQuality "1"]

1. e4 e6 2. Bc4 d5 3. exd5 exd5 4. Bb3 Nf6 5. d4 Bd6 6. Be3 Bg4 7. Nf3 Nbd7 8. Nbd2 Nf8 9. h3 Bxf3 10. Qxf3 c6 11. 0-0-0 Ne6 12. Kb1 b5 13. c3 a5 14. a4 Qb6 15. Qe2 0-0 16. g4 Rfb8 17. Nf3 Ne4 18. Qd3 bxa4 19. Nd2 Nxd2+ 20. Rxd2 Qxb3 21. Kc1 a3 22. Qb1 a4 23. Rc2 a2 24. Qa1 a3 0-1

[Event "Seefeld op 17th"]
[Site "Seefeld"]
[Date "2006.09.27"]
[Round "5"]
[White "Samarian, Cornel"]
[Black "Hofer, Franz"]
[Result "0-1"]
[WhiteElo "1937"]
[BlackElo "2061"]
[PlyCount "84"]
[EventDate "2006.09.23"]
[EventType "swiss"]
[EventRounds "9"]
[EventCountry "AUT"]
[SourceTitle "EXT 2009"]
[Source "ChessBase"]
[SourceDate "2008.11.26"]
[SourceVersion "1"]
[SourceVersionDate "2008.11.26"]
[SourceQuality "1"]

1. c4 e6 2. Nc3 f5 3. g3 Nf6 4. Bg2 Bb4 5. a3 Bxc3 6. bxc3 0-0 7. Nf3 d6 8. d3 Qe8 9. h3 Nc6 10. 0-0 e5 11. Kh2 b6 12. Ng1 Bb7 13. Bg5 Nd7 14. Bd5+ Kh8 15. Bd2 Nf6 16. Bg2 Na5 17. Bxb7 Nxb7 18. e3 Qc6 19. Qe2 e4 20. f3 Na5 21. fxe4 fxe4 22. Rf4 exd3 23. Qxd3 Nh5 24. Rff1 Qxc4 25. Qe2 Qxe2+ 26. Nxe2 Nc4 27. Rxf8+ Rxf8 28. Be1 Nxe3 29. Rc1 Kg8 30. g4 Nf4 31. Nxf4 Rxf4 32. Kg3 Rf1 33. Bd2 Rxc1 34. Bxc1 Nc4 35. Kf4 d5 36. Kf5 Kf7 37. g5 g6+ 38. Kg4 Ke6 39. h4 c5 40. a4 d4 41. cxd4 cxd4 42. Kf4 d3 0-1

[Event "Seefeld op 16th"]
[Site "Seefeld"]
[Date "2005.09.20"]
[Round "4"]
[White "Hofer, Franz"]
[Black "Kreie, Guenther"]
[Result "1/2-1/2"]
[WhiteElo "2079"]
[BlackElo "1968"]
[PlyCount "147"]
[EventDate "2005.09.17"]
[EventType "swiss"]
[EventRounds "9"]
[EventCountry "AUT"]
[SourceTitle "EXT 2007"]
[Source "ChessBase"]
[SourceDate "2006.11.23"]
[SourceVersion "1"]
[SourceVersionDate "2006.11.23"]
[SourceQuality "1"]

1. c4 Nf6 2. g3 e6 3. Bg2 d5 4. Nf3 c5 5. 0-0 Nc6 6. b3 Bd6 7. Bb2 0-0 8. e3 e5 9. cxd5 Nxd5 10. d3 Bg4 11. h3 Bh5 12. Na3 Ndb4 13. Qe2 Qe7 14. Rfd1 Rad8 15. Bc3 Nxd3 16. e4 Ndb4 17. g4 Bg6 18. Bxb4 Nxb4 19. Nc2 Nc6 20. Nfe1 Nd4 21. Qf1 h5 22. Ne3 Qg5 23. Rd3 hxg4 24. hxg4 b6 25. f3 Be7 26. Nd5 Rxd5 27. exd5 Bxd3 28. Qxd3 Bd6 29. Rd1 f5 30. Qd2 Qg6 31. Qd3 e4 32. gxf5 Rxf5 33. fxe4 Rg5 34. e5 Bxe5 35. Qxg6 Rxg6 36. Nd3 Bd6 37. Nb2 b5 38. Nd3 Rg5 39. Nf2 Ne2+ 40. Kf1 Nf4 41. Bf3 Rg3 42. Be4 c4 43. bxc4 bxc4 44. Rd4 Ra3 45. Rxc4 Rxa2 46. Rc1 Kf7 47. Ng4 Ra4 48. Bf3 Ke7 49. Ne3 Kf6 50. Rc6 Ke5 51. Ng4+ Kf5 52. Rxd6 Ra3 53. Kf2 Nh3+ 54. Kg3 Ng5 55. Rd7 Rxf3+ 56. Kg2 Kxg4 57. Rxg7 Ra3 58. d6 Ra2+ 59. Kf1 Kf3 60. Ke1 Ne4 61. Kd1 Nxd6 62. Kc1 Ke4 63. Kb1 Ra5 64. Kb2 Rb5+ 65. Ka3 Rb7 66. Rg6 Nc4+ 67. Ka4 a5 68. Rg4+ Kd5 69. Rg5+ Ke6 70. Rg6+ Kf5 71. Rg5+ Ke6 72. Rg6+ Kd5 73. Rg5+ Kc6 74. Rc5+ 1/2-1/2

[Event "Seefeld op 16th"]
[Site "Seefeld"]
[Date "2005.09.19"]
[Round "3"]
[White "Hoffmann, Bernhard"]
[Black "Hofer, Franz"]
[Result "1-0"]
[WhiteElo "1950"]
[BlackElo "2079"]
[PlyCount "95"]
[EventDate "2005.09.17"]
[EventType "swiss"]
[EventRounds "9"]
[EventCountry "AUT"]
[SourceTitle "EXT 2007"]
[Source "ChessBase"]
[SourceDate "2006.11.23"]
[SourceVersion "1"]
[SourceVersionDate "2006.11.23"]
[SourceQuality "1"]

1. e4 d6 2. d4 Nf6 3. Nc3 c6 4. Bg5 Qa5 5. Qd2 Nbd7 6. f4 e6 7. Bd3 Be7 8. Nf3 Ng8 9. 0-0 h6 10. Bxe7 Nxe7 11. Nb5 Qxd2 12. Nxd6+ Kf8 13. Nxd2 Nf6 14. c4 Ne8 15. c5 Nxd6 16. cxd6 Ng8 17. e5 h5 18. b4 Bd7 19. a4 Nh6 20. Ne4 b6 21. a5 b5 22. Nc5 Ke8 23. Na6 Rc8 24. h3 Nf5 25. Bxf5 exf5 26. Rac1 Kd8 27. d5 cxd5 28. Rxc8+ Bxc8 29. Nc7 Bb7 30. Nxb5 Ba6 31. Rc1 Bxb5 32. Rc7 a6 33. Rxf7 d4 34. Kf2 g6 35. Rg7 Re8 36. Rxg6 Kd7 37. g4 hxg4 38. hxg4 fxg4 39. Rxg4 Rc8 40. f5 Rc2+ 41. Kg3 d3 42. Rg7+ Kc8 43. f6 Bc4 44. Rc7+ Kb8 45. Rxc4 Rxc4 46. d7 Kc7 47. f7 d2 48. d8Q+ 1-0

[Event "Seefeld op 16th"]
[Site "Seefeld"]
[Date "2005.09.18"]
[Round "2"]
[White "Hofer, Franz"]
[Black "Rausch, Stephan"]
[Result "0-1"]
[WhiteElo "2079"]
[BlackElo "2337"]
[PlyCount "78"]
[EventDate "2005.09.17"]
[EventType "swiss"]
[EventRounds "9"]
[EventCountry "AUT"]
[SourceTitle "EXT 2007"]
[Source "ChessBase"]
[SourceDate "2006.11.23"]
[SourceVersion "1"]
[SourceVersionDate "2006.11.23"]
[SourceQuality "1"]

1. c4 c6 2. g3 d5 3. Bg2 Nf6 4. Nf3 Bg4 5. Ne5 Bh5 6. cxd5 Nxd5 7. g4 Bg6 8. h4 Nd7 9. Nxg6 hxg6 10. Nc3 e6 11. g5 Qb6 12. e3 Bb4 13. a3 Bxc3 14. bxc3 0-0-0 15. Qc2 Ne7 16. e4 Rh7 17. Rb1 Qc7 18. a4 Rdh8 19. Ba3 Nb6 20. Qb3 Rxh4 21. Rxh4 Rxh4 22. a5 Na8 23. d4 b6 24. e5 Nd5 25. Bd6 Qb7 26. c4 Nf4 27. Bf1 c5 28. d5 exd5 29. Qg3 dxc4 30. Qxh4 Qe4+ 31. Kd1 Qxb1+ 32. Kd2 Qb2+ 33. Ke3 Qc1+ 34. Kf3 Qxf1 35. Kxf4 Nc7 36. Qg4+ Ne6+ 37. Kg3 Qg1+ 38. Kf3 Qxg4+ 39. Kxg4 c3 0-1

[Event "Seefeld op 15th"]
[Site "Seefeld"]
[Date "2004.09.25"]
[Round "8"]
[White "Hofer, Franz"]
[Black "Meier, Alexander"]
[Result "1/2-1/2"]
[WhiteElo "2079"]
[BlackElo "1911"]
[PlyCount "41"]
[EventDate "2004.09.18"]
[EventType "swiss"]
[EventRounds "9"]
[EventCountry "AUT"]
[SourceTitle "EXT 2005"]
[Source "ChessBase"]
[SourceDate "2004.11.15"]
[SourceVersion "1"]
[SourceVersionDate "2004.11.15"]
[SourceQuality "1"]

1. c4 Nf6 2. g3 g6 3. Bg2 Bg7 4. Nc3 c6 5. e4 d6 6. Qb3 Nbd7 7. Nge2 e5 8. d3 0-0 9. 0-0 Nh5 10. f4 Nc5 11. Qc2 f5 12. b4 Ne6 13. exf5 gxf5 14. Rb1 Qb6+ 15. Kh1 Nd4 16. Nxd4 Qxd4 17. Bb2 Qb6 18. Ne2 Qc7 19. a4 Be6 20. Bf3 Bf7 21. Bg2 1/2-1/2

[Event "Seefeld op 15th"]
[Site "Seefeld"]
[Date "2004.09.24"]
[Round "7"]
[White "Sucher, Johannes"]
[Black "Hofer, Franz"]
[Result "1-0"]
[WhiteElo "2197"]
[BlackElo "2079"]
[PlyCount "95"]
[EventDate "2004.09.18"]
[EventType "swiss"]
[EventRounds "9"]
[EventCountry "AUT"]
[SourceTitle "EXT 2005"]
[Source "ChessBase"]
[SourceDate "2004.11.15"]
[SourceVersion "1"]
[SourceVersionDate "2004.11.15"]
[SourceQuality "1"]

1. d4 e6 2. Bf4 f5 3. e4 fxe4 4. Qh5+ g6 5. Qe5 Nf6 6. Qxc7 Qxc7 7. Bxc7 Nc6 8. Nd2 d6 9. Bb5 Bd7 10. Bxc6 Bxc6 11. Ba5 b6 12. Bc3 Nd5 13. Ne2 Nxc3 14. Nxc3 d5 15. f3 Bb4 16. fxe4 Bxc3 17. bxc3 dxe4 18. 0-0 Ke7 19. Rae1 Rhf8 20. Nxe4 Bxe4 21. Rxe4 Rxf1+ 22. Kxf1 Rc8 23. Re3 Rc4 24. Ke2 Ra4 25. d5 Rxa2 26. Rxe6+ Kd7 27. Kd3 b5 28. Rf6 Ke7 29. Rc6 Kd7 30. g4 a5 31. Rb6 Rb2 32. Ra6 a4 33. c4 bxc4+ 34. Kc3 Ra2 35. h4 a3 36. g5 Ra1 37. Kxc4 Rh1 38. Kc5 Rxh4 39. Rxa3 Rg4 40. Ra7+ Kc8 41. c4 Rxg5 42. Kc6 Kb8 43. Rxh7 Rf5 44. d6 Rf8 45. Rb7+ Ka8 46. d7 g5 47. Rb1 g4 48. Kc7 1-0

[Event "Schwarzach op-B 18th"]
[Site "Salzburg"]
[Date "2003.08.27"]
[Round "5.8"]
[White "Hofer, Franz"]
[Black "Schmidt, Mario"]
[Result "1-0"]
[WhiteElo "1997"]
[BlackElo "1706"]
[PlyCount "102"]
[EventDate "2003.08.23"]
[EventType "swiss"]
[EventRounds "9"]
[EventCountry "AUT"]
[SourceTitle "EXT 2004"]
[Source "ChessBase"]
[SourceDate "2003.11.25"]
[SourceVersion "1"]
[SourceVersionDate "2003.11.25"]
[SourceQuality "1"]

1. c4 Nf6 2. g3 g6 3. Bg2 c5 4. Nc3 Bg7 5. e3 Nc6 6. Nge2 0-0 7. 0-0 Rb8 8. d4 cxd4 9. exd4 a6 10. Bf4 d6 11. h3 Nh5 12. Be3 e5 13. Rc1 exd4 14. Nxd4 Nxd4 15. Bxd4 Nf6 16. Re1 Be6 17. b3 b5 18. cxb5 axb5 19. Re2 Qd7 20. Kh2 b4 21. Na4 Qb5 22. Rd2 d5 23. Rc5 Qd7 24. Bxf6 Bxf6 25. Bxd5 Bxd5 26. Rdxd5 Qe8 27. Qf3 Bg7 28. Rc7 Rb5 29. Nc5 Rb6 30. Nd7 Re6 31. Rc4 Re1 32. Nxf8 Bxf8 33. Rdd4 Ra1 34. Rc7 Re1 35. Rdd7 Re7 36. Rxe7 Bxe7 37. Qe4 Kf8 38. Qe5 f6 39. Qe6 Qf7 40. Qd7 h5 41. Rc8+ Kg7 42. Rc7 Kf8 43. Kg2 g5 44. Kf1 f5 45. Ke2 Qf6 46. Rc8+ Kg7 47. Qd5 Qa6+ 48. Qc4 Qxa2+ 49. Kf1 Qb1+ 50. Kg2 Qe4+ 51. Qxe4 fxe4 1-0

[Event "Seefeld op 13th"]
[Site "Seefeld"]
[Date "2002.09.15"]
[Round "2"]
[White "Stojanovic, Milorad"]
[Black "Hofer, Franz"]
[Result "0-1"]
[WhiteElo "1650"]
[BlackElo "1950"]
[PlyCount "102"]
[EventDate "2002.09.14"]
[EventType "swiss"]
[EventRounds "9"]
[EventCountry "AUT"]
[SourceTitle "EXT 2007"]
[Source "ChessBase"]
[SourceDate "2006.11.23"]
[SourceVersion "1"]
[SourceVersionDate "2006.11.23"]
[SourceQuality "1"]

1. e4 e6 2. d4 d5 3. e5 c5 4. Nf3 Nc6 5. Bb5 Qb6 6. Nc3 Bd7 7. a4 cxd4 8. Bxc6 bxc6 9. Nxd4 Bc5 10. Nce2 Ne7 11. 0-0 Ng6 12. Nf3 Qc7 13. Bf4 Nxf4 14. Nxf4 0-0 15. c3 f6 16. Nd3 Be7 17. b4 Rae8 18. Re1 Bc8 19. Re3 fxe5 20. Ndxe5 Bd6 21. Qd3 Rf5 22. Rae1 Ref8 23. g4 R5f6 24. Ng5 g6 25. f3 Kg7 26. Kg2 c5 27. b5 c4 28. Qc2 h6 29. Nxe6+ Rxe6 30. Nxc4 Rxe3 31. Nxe3 Bxh2 32. Kh1 Bd6 33. Nxd5 Qf7 34. c4 Qxf3+ 35. Qg2 Bxg4 36. Kg1 Qxg2+ 37. Kxg2 Bf3+ 38. Kh3 Bxd5 39. cxd5 Rf5 40. Rd1 Rf4 41. a5 Rb4 42. b6 axb6 43. Ra1 bxa5 44. Rxa5 Rd4 45. Ra7+ Kf6 46. Ra6 Rxd5 47. Kg4 h5+ 48. Kh4 Rd4+ 49. Kh3 g5 50. Rc6 Rd2 51. Rc2 g4+ 0-1

[Event "Wattens op 15th"]
[Site "Wattens"]
[Date "2000.09.03"]
[Round "9"]
[White "Strasser, Josef"]
[Black "Hofer, Franz"]
[Result "0-1"]
[WhiteElo "1743"]
[BlackElo "1982"]
[PlyCount "60"]
[EventDate "2000.08.26"]
[EventType "swiss"]
[EventRounds "9"]
[EventCountry "AUT"]
[SourceTitle "EXT 2001"]
[Source "ChessBase"]
[SourceDate "2000.11.22"]
[SourceVersion "1"]
[SourceVersionDate "2000.11.22"]
[SourceQuality "1"]

1. d4 d5 2. Nf3 c6 3. Bf4 e6 4. e3 f5 5. c4 Nf6 6. Nc3 Nbd7 7. Rc1 Ne4 8. cxd5 exd5 9. Be2 Bb4 10. 0-0 0-0 11. Nxe4 fxe4 12. Ne5 Nxe5 13. Bxe5 Bd6 14. Bxd6 Qxd6 15. Bg4 Qg6 16. Bxc8 Raxc8 17. b4 a6 18. a4 Qd6 19. b5 Rf6 20. Qb3 Rh6 21. h3 Rf8 22. bxc6 bxc6 23. Qb6 g5 24. g3 Qe6 25. f4 Qxh3 26. Kf2 Qh2+ 27. Ke1 Qxg3+ 28. Kd1 Qxe3 29. Rxc6 Qd3+ 30. Ke1 e3 0-1

[Event "Wattens op 13th"]
[Site "Wattens"]
[Date "1998.??.??"]
[Round "2"]
[White "Hofer, Franz"]
[Black "Knoll, Hermann"]
[Result "0-1"]
[WhiteElo "1955"]
[BlackElo "2325"]
[PlyCount "72"]
[EventDate "1998.??.??"]
[EventType "swiss"]
[EventRounds "9"]
[EventCountry "AUT"]
[SourceTitle "EXT 2000"]
[Source "ChessBase"]
[SourceDate "1999.11.16"]
[SourceVersion "1"]
[SourceVersionDate "1999.11.16"]
[SourceQuality "1"]

1. d4 Nf6 2. Nf3 g6 3. Bf4 Bg7 4. e3 0-0 5. h3 d6 6. Be2 Nbd7 7. 0-0 c5 8. c3 b6 9. Nbd2 Bb7 10. Rc1 a6 11. a4 Ra7 12. Bh2 Qa8 13. Ne1 Rb8 14. Bf3 b5 15. a5 Bxf3 16. Qxf3 b4 17. Nd3 Qxf3 18. Nxf3 bxc3 19. bxc3 Ne4 20. dxc5 Ndxc5 21. Nxc5 Nxc5 22. Nd4 Rab7 23. Nc6 Rc8 24. Nb4 Bxc3 25. Nd5 Bxa5 26. Nxe7+ Rxe7 27. Bxd6 Rec7 28. Bxc7 Rxc7 29. Rfd1 Bb4 30. Rd8+ Kg7 31. Ra8 a5 32. Rd1 Ne6 33. Rd5 Rc1+ 34. Kh2 Nc7 35. Rc8 Nxd5 36. Rxc1 Nc3 0-1

[Event "Wattens op 13th"]
[Site "Wattens"]
[Date "1998.??.??"]
[Round "4"]
[White "Hofer, Franz"]
[Black "Pilz, Dieter"]
[Result "0-1"]
[WhiteElo "1955"]
[BlackElo "2260"]
[PlyCount "82"]
[EventDate "1998.??.??"]
[EventType "swiss"]
[EventRounds "9"]
[EventCountry "AUT"]
[SourceTitle "EXT 2000"]
[Source "ChessBase"]
[SourceDate "1999.11.16"]
[SourceVersion "1"]
[SourceVersionDate "1999.11.16"]
[SourceQuality "1"]

1. d4 Nf6 2. Nf3 b6 3. b3 Bb7 4. Bb2 g6 5. e3 Bg7 6. Bd3 0-0 7. 0-0 d6 8. c4 a5 9. a3 Nbd7 10. Nc3 Re8 11. Rc1 e5 12. Bb1 exd4 13. exd4 Nh5 14. Na2 Nf4 15. Rc2 a4 16. b4 b5 17. cxb5 Bd5 18. Rd2 Bb3 19. Qc1 Ne2+ 20. Rxe2 Rxe2 21. Nc3 Re7 22. Be4 Rb8 23. Bc6 Nb6 24. Nd2 Be6 25. Nf3 Bc4 26. Re1 Rxe1+ 27. Qxe1 Be6 28. h3 Bd7 29. Qd1 Qe8 30. d5 Bxc6 31. bxc6 Nc4 32. Qa1 Nxb2 33. Qxb2 Qe4 34. Nxe4 Bxb2 35. Kf1 Bxa3 36. Nd4 Bb2 37. Nf6+ Kg7 38. Nd7 Rxb4 39. Nc2 Rc4 40. Ne3 Rc1+ 41. Ke2 a3 0-1